[Event "CZE-ch U14"]
[Site "Kouty nad Desnou"]
[Date "2015.03.08"]
[Round "2"]
[White "Solc, Filip"]
[Black "Budik, Pavel"]
[Result "0-1"]
[WhiteElo "1833"]
[BlackElo "1624"]
[PlyCount "110"]
[EventDate "2015.03.07"]
[EventType "swiss"]
[EventRounds "9"]
[EventCountry "CZE"]
[SourceTitle "EXT 2017"]
[Source "ChessBase"]
[SourceDate "2016.10.25"]
[SourceVersion "1"]
[SourceVersionDate "2016.10.25"]
[SourceQuality "1"]

1. e4 c6 2. d4 d5 3. exd5 cxd5 4. c4 Nf6 5. Nc3 e6 6. Nf3 Be7 7. Bf4 Nc6 8. c5 Ne4 9. Rc1 0-0 10. Bd3 Nxc3 11. Rxc3 b6 12. Bb5 Bb7 13. Qa4 Nxd4 14. Nxd4 Bxc5 15. Rg3 Qf6 16. Nf3 Qxb2 17. 0-0 Qb4 18. Qxb4 Bxb4 19. Bh6 Bc3 20. Rd1 Rfc8 21. Be3 Bf6 22. Bd4 Bxd4 23. Nxd4 g6 24. Re3 Rc5 25. Ba4 Rac8 26. Ree1 a6 27. Bd7 Rb8 28. Rc1 Rd8 29. Bc6 Rxc1 30. Rxc1 Rc8 31. Rc2 Bxc6 32. Nxc6 Kf8 33. Kf1 Ke8 34. Ke2 f6 35. Kd3 Kd7 36. Nd4 Rxc2 37. Nxc2 a5 38. Kd4 Kd6 39. f4 e5+ 40. fxe5+ fxe5+ 41. Kd3 Kc5 42. g4 g5 43. a3 b5 44. Kc3 e4 45. Ne1 d4+ 46. Kc2 Kc4 47. Ng2 b4 48. axb4 Kxb4 49. Kb2 a4 50. Ne1 a3+ 51. Ka2 d3 52. Ng2 d2 53. Ne3 Kc3 54. Kxa3 Kd3 55. Nd1 e3 0-1